Τόμος τιμητικός του Συμβουλίου της Επικρατείας : 1929 - 1979

Αποθηκεύτηκε σε:
Λεπτομέρειες βιβλιογραφικής εγγραφής
Άλλοι συγγραφείς: Παραράς, Πέτρος Ι., 1938- (Επιμελητής έκδοσης)
Μορφή: Βιβλίο
Γλώσσα:Greek
Δημοσίευση: Αθήνα, Κομοτηνή : Σάκκουλας, 1982
Θέματα:
Ετικέτες: Προσθήκη ετικέτας
Δεν υπάρχουν, Καταχωρήστε ετικέτα πρώτοι!

MARC

LEADER 00000cam a2200000 i 4500
001 1/48005
008 960312s1982 gre d
035 |l 10026597 
040 |a GR-MY-UA  |b gre  |e aacr 
041 0 |a gre 
082 0 |a 340 
245 1 0 |a Τόμος τιμητικός του Συμβουλίου της Επικρατείας :  |b 1929 - 1979 /  |c Πέτρος Ι.Παραράς 
260 |a Αθήνα, Κομοτηνή :   |b Σάκκουλας,   |c 1982 
300 |a 474 σ. 
610 1 0 |a Ελλάδα.   |b Συμβούλιο της Επικρατείας. 
650 0 |a Administrative courts  |z Greece. 
700 1 |a Παραράς, Πέτρος Ι.,   |d 1938-  |4 edt 
852 |a INST  |b CHIOS  |e 19960312  |h 340 ΤΟΜ  |p 005200002692  |q 005200002692  |t BK  |y 0  |z τ.2 
852 |a INST  |b CHIOS  |e 19960312  |h 340 ΤΟΜ  |p 005200002693  |q 005200002693  |t BK  |y 0  |z τ.1 
852 |a INST  |b CHIOS  |e 19960312  |h 340 ΤΟΜ  |p 005200002692  |q 005200002692  |t BK  |v τ.2:  |y 0  |z τ.2 
852 |a INST  |b CHIOS  |e 19960312  |h 340 ΤΟΜ  |p 005200002693  |q 005200002693  |t BK  |v τ.1:  |y 0  |z τ.1 
853 |a INST  |b CHIOS  |h 340 ΤΟΜ 
909 |a Χ  |b 029811 
909 |a Χ  |b 029810